000 00275nam a22001217a 4500
999 _c153951
_d153951
082 _a
_b
100 _aJayant Neogy
245 _aHow best to use the internet and email/
_cby Jayant Neogy.
260 _a
_bUnicorn,
_c2009.
300 _a171p.
650 _a
942 _cBK